Maravilla americana : variantes de la iconografía guadalupana : siglos XVII-XIX /
Catálogo de la exposición homónima presentada en el Instituto Cultural Cabañas de Guadalajara, en el marco del Festival Cultural de las Fiestas de Octubre de 1989. El título de la muestra remite al famoso texto de Miguel Cabrera, pintor guadalupano por excelencia, que a petición del Arzobispado de M...
Guardat en:
| Autor corporatiu: | |
|---|---|
| Altres autors: | , |
| Format: | Llibre |
| Idioma: | espanyol |
| Publicat: |
Guadalajara, México :
Patrimonio Cultural de Occidente,
1989, c1989
|
| Matèries: | |
| Etiquetes: |
Sense etiquetes, Sigues el primer a etiquetar aquest registre!
|
MARC
| LEADER | 00000nam^a2200000^a^4500 | ||
|---|---|---|---|
| 001 | 000310908 | ||
| 005 | 20250521000000.0 | ||
| 009 | 20260310113028.789 | ||
| 037 | |a Acervo ITESO - Biblioteca | ||
| 041 | |a ESP | ||
| 082 | |a 704. 94855 |b INS CUA | ||
| 110 | |a Instituto Cultural Cabañas | ||
| 245 | 1 | 0 | |a Maravilla americana : |b variantes de la iconografía guadalupana : siglos XVII-XIX / |c Texto de J. Cuadriello ; presen. de S. López Benavides. |
| 264 | 4 | |a Guadalajara, México : |b Patrimonio Cultural de Occidente, |c 1989, c1989 | |
| 300 | |a 139 p. | ||
| 336 | |a texto |b txt |2 rdacontenido | ||
| 337 | |a sin mediación |b n |2 rdamedio | ||
| 338 | |a volumen |b nc |2 rdasoporte | ||
| 520 | |a Catálogo de la exposición homónima presentada en el Instituto Cultural Cabañas de Guadalajara, en el marco del Festival Cultural de las Fiestas de Octubre de 1989. El título de la muestra remite al famoso texto de Miguel Cabrera, pintor guadalupano por excelencia, que a petición del Arzobispado de México hizo en un análisis artístico de la imagen de la Virgen de Guadalupe dejada a Juan Diego. | ||
| 649 | |a XX | ||
| 650 | |a Virgen de Guadalupe - |x Tema Principal | ||
| 650 | |a Virgen de Guadalupe - |z México - |x Culto | ||
| 650 | |a Virgen María - |x Apariciones y Milagros | ||
| 650 | |a Cristianismo - |z México - |x Historia - |y Epoca Colonial, 1517-1821 | ||
| 650 | |a Religión - |z México - |x Historia - |y Epoca Colonial, 1517-1821 | ||
| 650 | |a Pintura Religiosa - |z Guadalajara, Jalisco - |x Exposiciones | ||
| 650 | |a Pintura Religiosa - |z México - |x Exposiciones | ||
| 650 | |a Pintura Religiosa - |z México - |x Tema Principal | ||
| 650 | |a Pintura Religiosa - |z México - |x Historia y Crítica | ||
| 650 | |a Pintura Virreinal - |z México - |x Historia y Crítica | ||
| 650 | |a Pintura Mexicana - |x Historia y Crítica | ||
| 650 | |a Arte y Simbolismo Cristianos - |z México - |x Historia y Crítica | ||
| 650 | |a Arte Religioso - |z México - |x Historia y Crítica | ||
| 650 | |a Arte Virreinal - |z México - |x Historia y Crítica | ||
| 650 | |a Arte Mexicano - |x Historia y Crítica | ||
| 650 | |a México - |x Historia - |y Epoca Colonial, 1517-1821 | ||
| 650 | |a México - |x Historia - |y Siglo XIX | ||
| 700 | |a Cuadriello, Jaime |e (texto) | ||
| 700 | |a López Benavides, Sandra |e (presentación) | ||
| 910 | |a Fondo General | ||
| 920 | |a Impresos - Libros | ||
| 930 | |a Reserva Especial | ||
| 905 | |a 103 | ||
| 901 | |a 0365280100 |b IT1 |c REE |u 20250521 | ||
| 902 | |a https://opac.biblio.iteso.mx/vufind/Record/000310908 | ||